Classement des continents par population - Statistiques

Statistiques générales
  • Ce quiz a été pris 35 fois
  • Le résultat moyen est 5 sur 5
Statistiques - réponses
Continent Pourcentage (%) % Correct
Océanie 1
100%
Amériques 13
97%
Europe 9
97%
Afrique 19
82%
Asie 59
76%
Aucun quiz correspondant
Distribution des résultats
% des personnes avec chaque résultat
Percentile par nombre de réponses
Votre historique - résultats
Vous n’avez pas pris ce quiz